[Event "FICGS class M 000091 email"]
[Site "FICGS email"]
[Date "2020.09.01"]
[Round "1"]
[White "Helmer, Janos"]
[Black "Bukharin, Alexey"]
[Result "1/2-1/2"]
[WhiteElo "2222"]
[BlackElo "2267"]
[PlyCount "60"]
[EventDate "2020.??.??"]
[EventType "tourn (corr)"]
[EventRounds "6"]
[SourceTitle "Corr 2022"]
[Source "ChessBase"]
[SourceDate "2021.10.24"]
[SourceVersion "1"]
[SourceVersionDate "2021.10.24"]
[SourceQuality "1"]

1. Nf3 Nf6 2. c4 g6 3. Nc3 Bg7 4. e4 d6 5. d4 0-0 6. Be2 e5 7. 0-0 Nc6 8. d5 Ne7 9. b4 Nh5 10. Re1 f5 11. Ng5 Nf6 12. f3 Kh8 13. Rb1 h6 14. Ne6 Bxe6 15. dxe6 fxe4 16. fxe4 Nc6 17. Nd5 Ng8 18. Bd3 Nd4 19. Qg4 g5 20. Qh3 c6 21. Ne3 Qf6 22. Nf5 Nxe6 23. g3 Nd4 24. Rf1 Qd8 25. Be3 Nxf5 26. Rxf5 Rxf5 27. Qxf5 b6 28. a4 c5 29. b5 Qe7 30. Qh3 Rf8 1/2-1/2

[Event "SM-2020-0-00423"]
[Site "LSS email"]
[Date "2020.03.26"]
[Round "?"]
[White "Mostowik, Daniel"]
[Black "Bukharin, Alexey"]
[Result "1/2-1/2"]
[WhiteElo "2233"]
[BlackElo "2187"]
[PlyCount "63"]
[EventDate "2020.02.04"]
[EventType "tourn (corr)"]
[EventRounds "6"]
[EventCountry "GER"]
[SourceTitle "Corr 2022"]
[Source "ChessBase"]
[SourceDate "2021.10.24"]
[SourceVersion "1"]
[SourceVersionDate "2021.10.24"]
[SourceQuality "1"]

1. d4 Nf6 2. c4 e6 3. Nf3 Bb4+ 4. Bd2 a5 5. a3 Bxd2+ 6. Qxd2 0-0 7. Nc3 d6 8. e4 Nc6 9. Rd1 Qe7 10. Bd3 e5 11. dxe5 Nxe5 12. Nxe5 dxe5 13. 0-0 Be6 14. Nd5 Qd8 15. Qc3 c6 16. Nxf6+ Qxf6 17. Be2 Rfd8 18. Rxd8+ Rxd8 19. Qxa5 g6 20. Qc3 Rd4 21. f3 Qd8 22. Rc1 h5 23. c5 g5 24. b4 g4 25. Re1 Kf8 26. Qe3 Kg7 27. fxg4 hxg4 28. Bf1 Rd2 29. h3 Kg6 30. Qg3 Qg5 31. hxg4 f6 32. Qe3 1/2-1/2

[Event "SM-2020-0-00423"]
[Site "LSS email"]
[Date "2020.03.25"]
[Round "?"]
[White "Bukharin, Alexey"]
[Black "Willmann, Bernd"]
[Result "1/2-1/2"]
[WhiteElo "2187"]
[BlackElo "2345"]
[PlyCount "44"]
[EventDate "2020.02.04"]
[EventType "tourn (corr)"]
[EventRounds "6"]
[EventCountry "GER"]
[SourceTitle "Corr 2022"]
[Source "ChessBase"]
[SourceDate "2021.10.24"]
[SourceVersion "1"]
[SourceVersionDate "2021.10.24"]
[SourceQuality "1"]

1. d4 Nf6 2. c4 e6 3. Nc3 Bb4 4. Qc2 0-0 5. a3 Bxc3+ 6. Qxc3 b6 7. Bg5 Bb7 8. f3 h6 9. Bh4 d5 10. e3 Nbd7 11. cxd5 Bxd5 12. Ba6 c5 13. Ne2 cxd4 14. exd4 Rb8 15. Bg3 Ra8 16. 0-0 Nb8 17. Bb5 Nh5 18. Bf2 a6 19. Ba4 Nc6 20. Qd3 Nf6 21. Bc2 b5 22. Rfd1 Bc4 1/2-1/2

[Event "SM-2020-0-00423"]
[Site "LSS email"]
[Date "2020.03.25"]
[Round "?"]
[White "Koch, Christian"]
[Black "Bukharin, Alexey"]
[Result "1/2-1/2"]
[WhiteElo "2307"]
[BlackElo "2187"]
[PlyCount "57"]
[EventDate "2020.02.04"]
[EventType "tourn (corr)"]
[EventRounds "6"]
[EventCountry "GER"]
[SourceTitle "Corr 2022"]
[Source "ChessBase"]
[SourceDate "2021.10.24"]
[SourceVersion "1"]
[SourceVersionDate "2021.10.24"]
[SourceQuality "1"]

1. e4 e5 2. Nf3 Nc6 3. Bb5 Nf6 4. 0-0 Nxe4 5. d4 Nd6 6. Bxc6 dxc6 7. dxe5 Nf5 8. Qxd8+ Kxd8 9. h3 Ke8 10. Nc3 h5 11. Bf4 Be7 12. Rad1 Be6 13. Ng5 Rh6 14. g3 Bxg5 15. Bxg5 Rg6 16. h4 f6 17. exf6 gxf6 18. Bf4 Nxh4 19. f3 Rd8 20. Kf2 Rxd1 21. Nxd1 Nf5 22. Rh1 Bxa2 23. Rxh5 Be6 24. g4 Nd6 25. Rh7 Nf7 26. Ne3 b6 27. Bxc7 Rh6 28. Rxh6 Nxh6 29. Bg3 1/2-1/2

[Event "SM-2020-0-00423"]
[Site "LSS email"]
[Date "2020.03.25"]
[Round "?"]
[White "Susla, Vitaliy"]
[Black "Bukharin, Alexey"]
[Result "1/2-1/2"]
[WhiteElo "2307"]
[BlackElo "2187"]
[PlyCount "53"]
[EventDate "2020.02.04"]
[EventType "tourn (corr)"]
[EventRounds "6"]
[EventCountry "GER"]
[SourceTitle "Corr 2022"]
[Source "ChessBase"]
[SourceDate "2021.10.24"]
[SourceVersion "1"]
[SourceVersionDate "2021.10.24"]
[SourceQuality "1"]

1. e4 e5 2. Nf3 Nc6 3. Bb5 Nf6 4. d3 Bc5 5. c3 0-0 6. 0-0 d6 7. Nbd2 a6 8. Bxc6 bxc6 9. Qc2 Re8 10. d4 exd4 11. cxd4 Bb6 12. Re1 c5 13. d5 Bg4 14. b3 Ba5 15. Re3 Bxf3 16. Nxf3 Qe7 17. Bd2 Bxd2 18. Nxd2 Ng4 19. Ree1 Qf6 20. Nc4 a5 21. Rac1 h5 22. Qd2 a4 23. h3 Ne5 24. b4 cxb4 25. Nxe5 Qxe5 26. Qxb4 Reb8 27. Qc3 1/2-1/2

[Event "FICGS class M 000088 email"]
[Site "FICGS email"]
[Date "2020.01.22"]
[Round "1"]
[White "Bukharin, Alexey"]
[Black "Koivuniemi, Raimo"]
[Result "1/2-1/2"]
[WhiteElo "2225"]
[BlackElo "2200"]
[PlyCount "95"]
[EventDate "2020.??.??"]
[EventType "tourn (corr)"]
[EventRounds "6"]
[SourceTitle "Corr 2022"]
[Source "ChessBase"]
[SourceDate "2021.10.24"]
[SourceVersion "1"]
[SourceVersionDate "2021.10.24"]
[SourceQuality "1"]

1. Nf3 d5 2. c4 c6 3. e3 Nf6 4. Nc3 Nbd7 5. Qc2 e5 6. cxd5 Nxd5 7. d4 exd4 8. Nxd5 cxd5 9. Nxd4 Bd6 10. Bd2 0-0 11. g3 Bc5 12. Bc3 Ne5 13. Bg2 Bxd4 14. Bxd4 Nc6 15. Qc5 Nxd4 16. Qxd4 Qa5+ 17. b4 Qa4 18. 0-0 Be6 19. a3 Rfd8 20. Rfd1 g6 21. h3 a6 22. Qf6 Rac8 23. Rd4 Rd7 24. g4 Qb3 25. Rad1 Qb2 26. Qf4 Rc1 27. Qb8+ Kg7 28. Qe5+ Kg8 29. Rxc1 Qxc1+ 30. Kh2 b5 31. Qf4 Kg7 32. Rd3 Qc2 33. Qe5+ Kf8 34. Rd4 Qc7 35. Qxc7 Rxc7 36. Bxd5 Bxd5 37. Rxd5 Rc2 38. Kg3 Rc3 39. a4 bxa4 40. Ra5 a3 41. Rxa6 Kg7 42. g5 Rb3 43. h4 h5 44. Ra8 Rxb4 45. Rxa3 Rg4+ 46. Kh3 Re4 47. f3 Re6 48. Kg3 1/2-1/2

[Event "SM-2020-0-00417"]
[Site "LSS email"]
[Date "2020.01.17"]
[Round "?"]
[White "Bukharin, Alexey"]
[Black "Paulesu, Sebastiano"]
[Result "1/2-1/2"]
[WhiteElo "2207"]
[BlackElo "2291"]
[PlyCount "82"]
[EventDate "2020.01.17"]
[EventType "tourn (corr)"]
[EventRounds "6"]
[EventCountry "GER"]
[SourceTitle "Corr 2022"]
[Source "ChessBase"]
[SourceDate "2021.10.24"]
[SourceVersion "1"]
[SourceVersionDate "2021.10.24"]
[SourceQuality "1"]

1. Nf3 d5 2. c4 d4 3. e3 Nc6 4. b4 dxe3 5. fxe3 Nxb4 6. d4 e5 7. a3 Nc6 8. Be2 exd4 9. exd4 g6 10. Nc3 Bg7 11. Bf4 Nf6 12. Qd2 0-0 13. 0-0 Bg4 14. Rad1 Nh5 15. Bg5 Qd7 16. Kh1 b6 17. Bh6 Rae8 18. Bxg7 Nxg7 19. Qf4 Nh5 20. Qh6 f6 21. c5 Na5 22. d5 Qg7 23. Qxg7+ Nxg7 24. h3 Bxf3 25. Rxf3 Re5 26. Kg1 f5 27. c6 Ne8 28. Kf2 Kf7 29. Nb5 a6 30. Nxc7 Nxc7 31. d6 Rc8 32. dxc7 Rxc7 33. Bxa6 Rxc6 34. Rb1 Kg7 35. g4 fxg4 36. hxg4 Rg5 37. Rf4 Rgc5 38. Kg3 Kh6 39. Rf3 Kg5 40. Rd3 Re6 41. Rb5 Kf6 1/2-1/2

[Event "FICGS class M 000087 email"]
[Site "FICGS email"]
[Date "2020.01.03"]
[Round "1"]
[White "Nemchenko, Valery"]
[Black "Bukharin, Alexey"]
[Result "0-1"]
[WhiteElo "2352"]
[BlackElo "2225"]
[PlyCount "36"]
[EventDate "2020.??.??"]
[EventType "tourn (corr)"]
[EventRounds "6"]
[SourceTitle "Corr 2022"]
[Source "ChessBase"]
[SourceDate "2021.10.24"]
[SourceVersion "1"]
[SourceVersionDate "2021.10.24"]
[SourceQuality "1"]

1. c4 f5 2. Nf3 Nf6 3. Nc3 d6 4. d4 g6 5. g3 Bg7 6. Bg2 0-0 7. 0-0 Nc6 8. b3 e5 9. dxe5 dxe5 10. Qc2 e4 11. Rd1 Qe7 12. Ng5 h6 13. Nh3 g5 14. Nd5 Nxd5 15. cxd5 Nd4 16. Rxd4 Bxd4 17. Qc4 Bxa1 18. d6+ Qf7 0-1

[Event "FICGS class M 000084 email"]
[Site "FICGS email"]
[Date "2019.10.01"]
[Round "1"]
[White "Bukharin, Alexey"]
[Black "Gray, Garvin"]
[Result "1/2-1/2"]
[WhiteElo "2241"]
[BlackElo "2214"]
[PlyCount "59"]
[EventDate "2019.??.??"]
[EventType "tourn (corr)"]
[EventRounds "6"]
[SourceTitle "Corr 2022"]
[Source "ChessBase"]
[SourceDate "2021.10.24"]
[SourceVersion "1"]
[SourceVersionDate "2021.10.24"]
[SourceQuality "1"]

1. d4 Nf6 2. c4 g6 3. Nc3 d5 4. Nf3 Bg7 5. Bg5 Ne4 6. cxd5 Nxg5 7. Nxg5 e6 8. Nf3 exd5 9. b4 Qd6 10. Qb3 Nc6 11. e3 Qxb4 12. Qxb4 Nxb4 13. Kd2 Bf5 14. Nh4 Bd7 15. Rb1 c5 16. dxc5 Nc6 17. Nf3 0-0 18. Rxb7 Rfb8 19. Ba6 Bc8 20. Rhb1 Bxc3+ 21. Kxc3 Rxb7 22. Bxb7 Rb8 23. Bxc6 Rxb1 24. Bxd5 Kf8 25. Nd4 Bd7 26. e4 Ke7 27. g3 Be8 28. Kd2 Rb2+ 29. Ke3 Rb1 30. Kd2 1/2-1/2

[Event "SA-2019-0-00695"]
[Site "LSS email"]
[Date "2019.08.06"]
[Round "?"]
[White "Bukharin, Alexey"]
[Black "Popov, Vladimir"]
[Result "1-0"]
[WhiteElo "2170"]
[BlackElo "2217"]
[PlyCount "97"]
[EventDate "2019.07.22"]
[EventType "tourn (corr)"]
[EventRounds "6"]
[EventCountry "GER"]
[SourceTitle "Corr 2022"]
[Source "ChessBase"]
[SourceDate "2021.10.24"]
[SourceVersion "1"]
[SourceVersionDate "2021.10.24"]
[SourceQuality "1"]

1. Nf3 Nf6 2. c4 e6 3. Nc3 d5 4. d4 Bb4 5. cxd5 exd5 6. Bg5 Nbd7 7. e3 c5 8. dxc5 Qa5 9. Rc1 Ne4 10. Qxd5 Nxc3 11. bxc3 Bxc3+ 12. Kd1 0-0 13. Bc4 Nf6 14. Bxf6 Bxf6 15. Ke2 Be6 16. Qe4 Rae8 17. Rhd1 b6 18. c6 Bb2 19. Bd3 f5 20. Qh4 Kh8 21. Rc2 Bf6 22. Qf4 Bxa2 23. c7 Bb3 24. Rdc1 Bxc2 25. Rxc2 g6 26. h4 Rc8 27. h5 Rf7 28. Qd6 Bc3 29. Nd4 Qb4 30. Qe5+ Kg8 31. hxg6 hxg6 32. Qe6 Rcxc7 33. Qxg6+ Rg7 34. Qxf5 Qf8 35. Qxf8+ Kxf8 36. Ne6+ Kg8 37. Nxc7 Rxc7 38. Ba6 Kf8 39. Kd3 Be5 40. Rxc7 Bxc7 41. g4 Ke7 42. g5 Kf7 43. Ke4 Kg6 44. f4 Bd6 45. Kf3 Bc5 46. Bd3+ Kg7 47. f5 a5 48. f6+ Kf7 49. Ke4 1-0

[Event "FICGS W-ch st1 gN 01 email"]
[Site "FICGS email"]
[Date "2019.07.01"]
[Round "1"]
[White "Aahlad, Yeturu"]
[Black "Bukharin, Alexey"]
[Result "1/2-1/2"]
[WhiteElo "2148"]
[BlackElo "2193"]
[PlyCount "48"]
[EventDate "2019.??.??"]
[EventType "tourn (corr)"]
[EventRounds "6"]
[SourceTitle "Corr 2022"]
[Source "ChessBase"]
[SourceDate "2021.10.24"]
[SourceVersion "1"]
[SourceVersionDate "2021.10.24"]
[SourceQuality "1"]

1. e4 e5 2. Nf3 Nc6 3. Bc4 Nf6 4. d3 Be7 5. 0-0 0-0 6. h3 d6 7. a3 Be6 8. Bxe6 fxe6 9. b4 a6 10. Be3 d5 11. Nbd2 h6 12. c3 Qd7 13. Qb3 Bd6 14. a4 Qf7 15. a5 Ne7 16. Rfb1 c6 17. Qd1 Ng6 18. Qe2 Qe7 19. Ra2 Rf7 20. Rab2 Raf8 21. g3 Qd8 22. Kg2 Nd7 23. h4 Nf6 24. Bb6 Bc7 1/2-1/2

[Event "FICGS W-ch st1 gN 01 email"]
[Site "FICGS email"]
[Date "2019.07.01"]
[Round "1"]
[White "Bukharin, Alexey"]
[Black "Bartsch, Reinhard Andrea"]
[Result "1/2-1/2"]
[WhiteElo "2193"]
[BlackElo "2193"]
[PlyCount "79"]
[EventDate "2019.??.??"]
[EventType "tourn (corr)"]
[EventRounds "6"]
[SourceTitle "Corr 2022"]
[Source "ChessBase"]
[SourceDate "2021.10.24"]
[SourceVersion "1"]
[SourceVersionDate "2021.10.24"]
[SourceQuality "1"]

1. e4 c5 2. Nf3 d6 3. d4 cxd4 4. Nxd4 Nf6 5. Nc3 a6 6. Nb3 Nbd7 7. a4 b6 8. g4 Bb7 9. Bg2 g6 10. 0-0 Rb8 11. f4 Bg7 12. Be3 Nc5 13. Bd4 Ne6 14. g5 Nh5 15. Be3 0-0 16. f5 Bxc3 17. bxc3 Neg7 18. Nd4 Re8 19. Rb1 Qc7 20. Qd3 e5 21. Ne2 a5 22. Bxb6 Qc8 23. Ba7 Ra8 24. Be3 Ba6 25. Qd2 Bc4 26. Bf3 Qd7 27. Rf2 Qxa4 28. Ng3 Nxg3 29. hxg3 Qc6 30. f6 Reb8 31. Rxb8+ Rxb8 32. fxg7 Rb1+ 33. Kh2 a4 34. Bg2 a3 35. Rf6 a2 36. Rxd6 Qc7 37. Rd7 Qc6 38. Rd6 Qc7 39. Rd7 Qc6 40. Rd6 1/2-1/2

[Event "FICGS W-ch st1 gN 01 email"]
[Site "FICGS email"]
[Date "2019.07.01"]
[Round "1"]
[White "Bukharin, Alexey"]
[Black "Werner, Frank Karl"]
[Result "1/2-1/2"]
[WhiteElo "2193"]
[BlackElo "2165"]
[PlyCount "49"]
[EventDate "2019.??.??"]
[EventType "tourn (corr)"]
[EventRounds "6"]
[SourceTitle "Corr 2022"]
[Source "ChessBase"]
[SourceDate "2021.10.24"]
[SourceVersion "1"]
[SourceVersionDate "2021.10.24"]
[SourceQuality "1"]

1. d4 d5 2. c4 e6 3. Nc3 Nf6 4. cxd5 exd5 5. Bg5 c6 6. Qc2 h6 7. Bh4 Be6 8. e3 Nbd7 9. Bd3 g5 10. Bg3 Nh5 11. Nf3 Nxg3 12. hxg3 Nb6 13. 0-0 g4 14. Nh4 Be7 15. Nf5 h5 16. Rfe1 Qd7 17. Nxe7 Qxe7 18. a4 a5 19. Ne2 Qb4 20. Nf4 0-0-0 21. Rec1 h4 22. Qc5 Qxc5 23. Rxc5 hxg3 24. fxg3 Rh6 25. Kf2 1/2-1/2

[Event "FICGS class A 000209 email"]
[Site "FICGS email"]
[Date "2019.04.07"]
[Round "1"]
[White "Duttagupta, Aniruddha"]
[Black "Bukharin, Alexey"]
[Result "1/2-1/2"]
[WhiteElo "2122"]
[BlackElo "2057"]
[PlyCount "32"]
[EventDate "2019.??.??"]
[EventType "tourn (corr)"]
[EventRounds "6"]
[SourceTitle "Corr 2022"]
[Source "ChessBase"]
[SourceDate "2021.10.24"]
[SourceVersion "1"]
[SourceVersionDate "2021.10.24"]
[SourceQuality "1"]

1. e4 e5 2. Nf3 Nc6 3. Nc3 Nf6 4. Bb5 Nd4 5. Ba4 Bc5 6. Nxe5 0-0 7. Nd3 Bb6 8. e5 c6 9. 0-0 Ne8 10. Ne2 Qh4 11. Nxd4 Qxd4 12. Bb3 d5 13. Qf3 f6 14. e6 Bxe6 15. Nf4 Bf7 16. c3 Qe4 1/2-1/2

[Event "FICGS class A 000208 email"]
[Site "FICGS email"]
[Date "2019.03.13"]
[Round "1"]
[White "Bukharin, Alexey"]
[Black "De la Foret, Fred"]
[Result "1-0"]
[WhiteElo "2057"]
[BlackElo "2142"]
[PlyCount "25"]
[EventDate "2019.??.??"]
[EventType "tourn (corr)"]
[EventRounds "6"]
[SourceTitle "Corr 2022"]
[Source "ChessBase"]
[SourceDate "2021.10.24"]
[SourceVersion "1"]
[SourceVersionDate "2021.10.24"]
[SourceQuality "1"]

1. e4 c5 2. Nf3 d6 3. Bb5+ Bd7 4. Bxd7+ Nxd7 5. 0-0 Ngf6 6. Qe2 e6 7. b3 g6 8. c3 Bg7 9. d4 0-0 10. Nbd2 Qa5 11. Bb2 cxd4 12. cxd4 Rac8 13. Qe3 1-0

[Event "FICGS class A 000208 email"]
[Site "FICGS email"]
[Date "2019.03.13"]
[Round "1"]
[White "Sirk, Matija"]
[Black "Bukharin, Alexey"]
[Result "0-1"]
[WhiteElo "2134"]
[BlackElo "2057"]
[PlyCount "20"]
[EventDate "2019.??.??"]
[EventType "tourn (corr)"]
[EventRounds "6"]
[SourceTitle "Corr 2022"]
[Source "ChessBase"]
[SourceDate "2021.10.24"]
[SourceVersion "1"]
[SourceVersionDate "2021.10.24"]
[SourceQuality "1"]

1. e4 e5 2. Bc4 Nf6 3. d4 exd4 4. Nf3 Nc6 5. e5 d5 6. Bb5 Ne4 7. Nxd4 Bc5 8. Be3 Bd7 9. Bxc6 bxc6 10. Nd2 Qh4 0-1

[Event "SA-2019-0-00669"]
[Site "LSS email"]
[Date "2019.02.09"]
[Round "?"]
[White "Van Hooff, Ruud"]
[Black "Bukharin, Alexey"]
[Result "1/2-1/2"]
[WhiteElo "2279"]
[BlackElo "2112"]
[PlyCount "44"]
[EventDate "2019.01.18"]
[EventType "tourn (corr)"]
[EventRounds "6"]
[EventCountry "GER"]
[SourceTitle "Corr 2022"]
[Source "ChessBase"]
[SourceDate "2021.10.24"]
[SourceVersion "1"]
[SourceVersionDate "2021.10.24"]
[SourceQuality "1"]

1. c4 c6 2. Nf3 d5 3. e3 Nf6 4. Nc3 e6 5. b3 Bd6 6. Bb2 0-0 7. Qc2 Nbd7 8. Be2 Qe7 9. Rg1 e5 10. g4 dxc4 11. bxc4 Nc5 12. g5 Ne8 13. h4 f6 14. 0-0-0 fxg5 15. Nxg5 Bf5 16. d3 h6 17. Nf3 Nf6 18. h5 Kh8 19. Nh4 Bh7 20. Ng6+ Bxg6 21. Rxg6 Ne6 22. Qb3 Nc5 1/2-1/2

[Event "SA-2019-0-00669"]
[Site "LSS email"]
[Date "2019.02.08"]
[Round "?"]
[White "Bukharin, Alexey"]
[Black "Pilgram, Kurt"]
[Result "1/2-1/2"]
[WhiteElo "2112"]
[BlackElo "2157"]
[PlyCount "43"]
[EventDate "2019.01.18"]
[EventType "tourn (corr)"]
[EventRounds "6"]
[EventCountry "GER"]
[SourceTitle "Corr 2022"]
[Source "ChessBase"]
[SourceDate "2021.10.24"]
[SourceVersion "1"]
[SourceVersionDate "2021.10.24"]
[SourceQuality "1"]

1. d4 c6 2. c4 d5 3. Nc3 Nf6 4. e3 e6 5. Nf3 Nbd7 6. Bd3 dxc4 7. Bxc4 b5 8. Bd3 Bb7 9. e4 b4 10. Na4 c5 11. e5 Nd5 12. 0-0 cxd4 13. Re1 a6 14. Nxd4 g6 15. Qg4 Qa5 16. b3 h5 17. Qh3 Be7 18. Be4 Nc5 19. Nxc5 Qxc5 20. Bb2 Qb6 21. Rad1 Rd8 22. Qf3 1/2-1/2

[Event "SA-2019-0-00669"]
[Site "LSS email"]
[Date "2019.02.08"]
[Round "?"]
[White "Bukharin, Alexey"]
[Black "Salzmann, Stefan"]
[Result "1/2-1/2"]
[WhiteElo "2112"]
[BlackElo "2225"]
[PlyCount "40"]
[EventDate "2019.01.18"]
[EventType "tourn (corr)"]
[EventRounds "6"]
[EventCountry "GER"]
[SourceTitle "Corr 2022"]
[Source "ChessBase"]
[SourceDate "2021.10.24"]
[SourceVersion "1"]
[SourceVersionDate "2021.10.24"]
[SourceQuality "1"]

1. d4 Nf6 2. c4 e6 3. Nf3 d5 4. Nc3 Bb4 5. Bg5 h6 6. Bxf6 Qxf6 7. Qa4+ Nc6 8. e3 0-0 9. Be2 Bd7 10. Qb3 dxc4 11. Qxc4 Qg6 12. 0-0 Bd6 13. Rfd1 Na5 14. Qd3 Qxd3 15. Bxd3 Rfd8 16. h3 Be8 17. Ne4 Nc6 18. a3 Ne7 19. Rac1 Rac8 20. b4 a6 1/2-1/2

[Event "FICGS class A 000206 email"]
[Site "FICGS email"]
[Date "2019.02.06"]
[Round "1"]
[White "Marciz, Alexander"]
[Black "Bukharin, Alexey"]
[Result "1/2-1/2"]
[WhiteElo "2033"]
[BlackElo "2057"]
[PlyCount "58"]
[EventDate "2019.??.??"]
[EventType "tourn (corr)"]
[EventRounds "6"]
[SourceTitle "Corr 2022"]
[Source "ChessBase"]
[SourceDate "2021.10.24"]
[SourceVersion "1"]
[SourceVersionDate "2021.10.24"]
[SourceQuality "1"]

1. e4 e5 2. Nf3 Nc6 3. g3 Nf6 4. d3 d5 5. exd5 Nxd5 6. Bg2 Be7 7. 0-0 0-0 8. Re1 Bf6 9. Nbd2 Re8 10. a3 a5 11. Ne4 Be7 12. Nc3 Nxc3 13. bxc3 Bf8 14. d4 exd4 15. Rxe8 Qxe8 16. cxd4 Be6 17. Rb1 Bd5 18. a4 Rd8 19. Bg5 Bxf3 20. Qxf3 Rxd4 21. c3 Rxa4 22. Qd1 Ra3 23. Rxb7 Qe5 24. h4 Rxc3 25. Bf4 Qd4 26. Qe1 Rd3 27. Kh2 Nd8 28. Rxc7 Ne6 29. Be3 Qb4 1/2-1/2

[Event "SA-2019-0-00667"]
[Site "LSS email"]
[Date "2019.01.29"]
[Round "?"]
[White "Bukharin, Alexey"]
[Black "Nowak, Ireneusz"]
[Result "1-0"]
[WhiteElo "2112"]
[BlackElo "2234"]
[PlyCount "89"]
[EventDate "2019.01.09"]
[EventType "tourn (corr)"]
[EventRounds "6"]
[EventCountry "GER"]
[SourceTitle "Corr 2022"]
[Source "ChessBase"]
[SourceDate "2021.10.24"]
[SourceVersion "1"]
[SourceVersionDate "2021.10.24"]
[SourceQuality "1"]

1. e4 c5 2. Nf3 d6 3. d4 cxd4 4. Nxd4 Nf6 5. Nc3 Nc6 6. Bg5 e6 7. Qd2 a6 8. 0-0-0 h6 9. Nxc6 bxc6 10. Bf4 d5 11. Qe3 Bb4 12. Be2 0-0 13. e5 Nd7 14. Qg3 Kh7 15. Bd3+ Kh8 16. Qh3 Kg8 17. Ne2 Be7 18. Kb1 Bg5 19. Bxg5 Qxg5 20. f4 Qe7 21. g4 a5 22. g5 Ba6 23. gxh6 g6 24. Nd4 Bxd3 25. Qxd3 c5 26. Nb5 Kh7 27. Nd6 Nf6 28. Rhg1 Rab8 29. h4 c4 30. Qa3 Rfd8 31. Qxa5 Nh5 32. f5 exf5 33. Qxd5 Rd7 34. Rd4 c3 35. b3 Rbd8 36. a4 f6 37. Qg2 Rg8 38. exf6 Nxf6 39. Qg3 Ne4 40. Nxf5 Rxd4 41. Nxe7 Nxg3 42. Nxg8 Nf5 43. Nf6+ Kxh6 44. Ng4+ Kh5 45. a5 1-0

[Event "SA-2019-0-00667"]
[Site "LSS email"]
[Date "2019.01.29"]
[Round "?"]
[White "Bukharin, Alexey"]
[Black "Sorcinelli, Andrea"]
[Result "1/2-1/2"]
[WhiteElo "2112"]
[BlackElo "1947"]
[PlyCount "51"]
[EventDate "2019.01.09"]
[EventType "tourn (corr)"]
[EventRounds "6"]
[EventCountry "GER"]
[SourceTitle "Corr 2022"]
[Source "ChessBase"]
[SourceDate "2021.10.24"]
[SourceVersion "1"]
[SourceVersionDate "2021.10.24"]
[SourceQuality "1"]

1. e4 c5 2. Nf3 d6 3. d4 cxd4 4. Nxd4 Nf6 5. Nc3 a6 6. Be2 e5 7. Nb3 Be7 8. 0-0 0-0 9. Kh1 Nc6 10. f3 Be6 11. Nd5 a5 12. Be3 a4 13. Nc1 Bxd5 14. exd5 Nd4 15. Bxd4 exd4 16. Qxd4 Qa5 17. Rd1 Bd8 18. a3 Re8 19. Bf1 Re5 20. Nd3 Rxd5 21. Qf4 Bb6 22. Qd2 h5 23. Qb4 Qa7 24. Qc4 Rd4 25. Qc3 h4 26. Rab1 1/2-1/2

[Event "SA-2019-0-00667"]
[Site "LSS email"]
[Date "2019.01.28"]
[Round "?"]
[White "Salzmann, Stefan"]
[Black "Bukharin, Alexey"]
[Result "1/2-1/2"]
[WhiteElo "2219"]
[BlackElo "2112"]
[PlyCount "43"]
[EventDate "2019.01.09"]
[EventType "tourn (corr)"]
[EventRounds "6"]
[EventCountry "GER"]
[SourceTitle "Corr 2022"]
[Source "ChessBase"]
[SourceDate "2021.10.24"]
[SourceVersion "1"]
[SourceVersionDate "2021.10.24"]
[SourceQuality "1"]

1. d4 d5 2. c4 e6 3. Nc3 c6 4. Nf3 dxc4 5. a4 Bb4 6. e3 b5 7. Bd2 a5 8. axb5 Bxc3 9. Bxc3 cxb5 10. b3 Bb7 11. bxc4 b4 12. Bb2 Nf6 13. Bd3 0-0 14. 0-0 Nbd7 15. Nd2 Qc7 16. Bc2 h6 17. h3 Rfd8 18. e4 Ne8 19. f4 Nd6 20. Qe2 Nf8 21. Kh2 f5 22. exf5 1/2-1/2

[Event "SA-2019-0-00666"]
[Site "LSS email"]
[Date "2019.01.24"]
[Round "?"]
[White "Cirulis, Ilmars"]
[Black "Bukharin, Alexey"]
[Result "1-0"]
[WhiteElo "2187"]
[BlackElo "2112"]
[PlyCount "123"]
[EventDate "2019.01.05"]
[EventType "tourn (corr)"]
[EventRounds "6"]
[EventCountry "GER"]
[SourceTitle "Corr 2022"]
[Source "ChessBase"]
[SourceDate "2021.10.24"]
[SourceVersion "1"]
[SourceVersionDate "2021.10.24"]
[SourceQuality "1"]

1. c4 g6 2. Nc3 Bg7 3. d4 Nf6 4. e4 d6 5. Nf3 0-0 6. Be2 e5 7. Be3 Ng4 8. Bg5 f6 9. Bh4 g5 10. h3 Nh6 11. Bg3 Nc6 12. d5 Ne7 13. Bh2 Rb8 14. g4 c6 15. Nd2 cxd5 16. cxd5 Ng6 17. a4 Nf7 18. f3 Nf4 19. Bg1 b6 20. Nc4 Ra8 21. Bf1 Re8 22. a5 Rb8 23. b4 f5 24. gxf5 Bxf5 25. axb6 axb6 26. exf5 e4 27. Nxe4 Rxe4+ 28. fxe4 Qe8 29. e5 Nxe5 30. Ne3 Ned3+ 31. Bxd3 Bxa1 32. Kf1 Ra8 33. Nc2 Qe5 34. Qf3 Qc3 35. Ne1 Ra3 36. Bf2 h6 37. Qe4 Nxd3 38. Qe6+ Kf8 39. Qxh6+ Ke8 40. Qe6+ Kf8 41. Qxd6+ Ke8 42. Qe6+ Kf8 43. d6 Qd2 44. Qe7+ Kg8 45. Qe2 Qxe2+ 46. Kxe2 Nxb4 47. Be3 Bf6 48. Nf3 Ra2+ 49. Bd2 Kf7 50. Rb1 Nd5 51. Kd3 Ra4 52. Rb5 Ra3+ 53. Ke4 Re3+ 54. Kxd5 Rxf3 55. Kc6 Rxh3 56. Rxb6 Rd3 57. Rb7+ Kg8 58. Be1 g4 59. d7 g3 60. Rb4 Kf7 61. Rg4 Re3 62. Ba5 1-0

[Event "FICGS class A 000204 email"]
[Site "FICGS email"]
[Date "2019.01.07"]
[Round "1"]
[White "Baum, Jurgen"]
[Black "Bukharin, Alexey"]
[Result "0-1"]
[WhiteElo "2339"]
[BlackElo "2057"]
[PlyCount "22"]
[EventDate "2019.??.??"]
[EventType "tourn (corr)"]
[EventRounds "6"]
[SourceTitle "Corr 2022"]
[Source "ChessBase"]
[SourceDate "2021.10.24"]
[SourceVersion "1"]
[SourceVersionDate "2021.10.24"]
[SourceQuality "1"]

1. e4 c5 2. Nf3 d6 3. d4 cxd4 4. Nxd4 Nf6 5. Nc3 g6 6. Be3 Bg7 7. f3 0-0 8. Bc4 Nc6 9. Qd2 Bd7 10. 0-0-0 Rb8 11. Kb1 Nxd4 0-1